Iqbal, the poet of tomorrow. (Record no. 331778)

000 -LEADER
fixed length control field 00824nam a2200253 4500
001 - CONTROL NUMBER
control field 2175505
003 - CONTROL NUMBER IDENTIFIER
control field NUST
005 - DATE AND TIME OF LATEST TRANSACTION
control field 20171024163618.0
008 - FIXED-LENGTH DATA ELEMENTS--GENERAL INFORMATION
fixed length control field 710407s1968 pk ch b 000 0beng
010 ## - LIBRARY OF CONGRESS CONTROL NUMBER
LC control number sa 68017531
020 ## - INTERNATIONAL STANDARD BOOK NUMBER
International Standard Book Number 9694163234
025 ## - OVERSEAS ACQUISITION NUMBER
Overseas acquisition number PL480:P-E-1419
040 ## - CATALOGING SOURCE
Original cataloging agency DLC
Transcribing agency DLC
Modifying agency DLC
050 00 - LIBRARY OF CONGRESS CALL NUMBER
Classification number BP80.I6
Item number A63
082 ## - DEWEY DECIMAL CLASSIFICATION NUMBER
Classification number 891.43915
Author Mark RAH
100 2# - MAIN ENTRY--PERSONAL NAME
Personal name Abdur Rahim, Khawaja,
Relator term comp.
9 (RLIN) 5613
245 00 - TITLE STATEMENT
Title Iqbal, the poet of tomorrow.
260 ## - PUBLICATION, DISTRIBUTION, ETC.
Place of publication, distribution, etc. Lahore
Name of publisher, distributor, etc. Abdul Hameed Khan,
Date of publication, distribution, etc. 1968
300 ## - PHYSICAL DESCRIPTION
Extent iv, xxi, 273 p.
Other physical details facsim., ports.
Dimensions 23 cm.
350 ## - PRICE (NR) (BK AM CF MU VM SE) [OBSOLETE]
Price 15.00
500 ## - GENERAL NOTE
General note Includes quotations in Bengali and Urdu.
504 ## - BIBLIOGRAPHY, ETC. NOTE
Bibliography, etc. note Includes bibliographical references.
600 10 - SUBJECT ADDED ENTRY--PERSONAL NAME
Personal name Iqbal, Muhammad,
Titles and other words associated with a name Sir,
Dates associated with a name 1877-1938.
9 (RLIN) 20
700 1# - ADDED ENTRY--PERSONAL NAME
Personal name Iqbal, Muhammad,
Titles and other words associated with a name Sir,
Dates associated with a name 1877-1938.
9 (RLIN) 20
906 ## - LOCAL DATA ELEMENT F, LDF (RLIN)
a 7
b cbc
c orignew
d 4
e ncip
f 19
g y-gencatlg
942 ## - ADDED ENTRY ELEMENTS (KOHA)
Source of classification or shelving scheme
Koha item type Book
Holdings
Withdrawn status Lost status Source of classification or shelving scheme Damaged status Not for loan Permanent Location Current Location Shelving location Date acquired Total Checkouts Full call number Barcode Date last seen Date last checked out Copy number Price effective from Koha item type
          Central Library (CL) Central Library (CL) Book Cart 10/24/2017 1 928.91439 IQB CL2089 03/12/2020 11/15/2018 1 10/24/2017 Book
© 2023 Central Library, National University of Sciences and Technology. All Rights Reserved.